RETHINKING MODERN POLITICAL THEORY (Record no. 9697)

MARC details
000 -LEADER
fixed length control field 01043cam a2200349 a 4500
001 - CONTROL NUMBER
control field 1878215
003 - CONTROL NUMBER IDENTIFIER
control field OSt
005 - DATE AND TIME OF LATEST TRANSACTION
control field 20260510140007.0
008 - FIXED-LENGTH DATA ELEMENTS--GENERAL INFORMATION
fixed length control field 830623s1984 enk b 001 0 eng
010 ## - LIBRARY OF CONGRESS CONTROL NUMBER
LC control number 83013169
020 ## - INTERNATIONAL STANDARD BOOK NUMBER
International Standard Book Number 0521316952) :
Terms of availability $3.95
020 ## - INTERNATIONAL STANDARD BOOK NUMBER
Terms of availability $8.90
020 ## - INTERNATIONAL STANDARD BOOK NUMBER
International Standard Book Number 9780192875600
035 ## - SYSTEM CONTROL NUMBER
System control number 1878215
040 ## - CATALOGING SOURCE
Original cataloging agency DLC
Transcribing agency IRDP
Modifying agency DLC
050 00 - LIBRARY OF CONGRESS CALL NUMBER
Classification number B1297
Item number .D86 1984
082 00 - DEWEY DECIMAL CLASSIFICATION NUMBER
Classification number 320.01 DUN
Edition number 19
100 1# - MAIN ENTRY--PERSONAL NAME
Personal name DUNN, JOHN
Dates associated with a name 1940-
245 10 - TITLE STATEMENT
Title RETHINKING MODERN POLITICAL THEORY
Statement of responsibility, etc. JOHN DUNN
Remainder of title ESSAYS 1979-1983
260 ## - PUBLICATION, DISTRIBUTION, ETC. (IMPRINT)
Place of publication, distribution, etc. LINDON
-- NEW YORK
Name of publisher, distributor, etc. CAMBRIDGE UNIVERSITY PRESS
Date of publication, distribution, etc. 1985
300 ## - PHYSICAL DESCRIPTION
Extent xii, 97 p. ;
Dimensions 18 cm.
336 ## - CONTENT TYPE
Content type term text
Content type code txt
Source rdacontent
337 ## - MEDIA TYPE
Media type term unmediated
Media type code n
Source rdamedia
338 ## - CARRIER TYPE
Carrier type term volume
Carrier type code nc
Source rdacarrier
440 #0 - SERIES STATEMENT/ADDED ENTRY--TITLE
Title Past masters
500 ## - GENERAL NOTE
General note Includes index.
504 ## - BIBLIOGRAPHY, ETC. NOTE
Bibliography, etc Bibliography: p. 91-94.
600 10 - SUBJECT ADDED ENTRY--PERSONAL NAME
Personal name Locke, John,
Dates associated with a name 1632-1704.
906 ## - LOCAL DATA ELEMENT F, LDF (RLIN)
a 7
b cbc
c orignew
d 1
e ocip
f 19
g y-gencatlg
942 ## - ADDED ENTRY ELEMENTS (KOHA)
Source of classification or shelving scheme Dewey Decimal Classification
Koha item type BOOKS
Holdings
Withdrawn status Lost status Source of classification or shelving scheme Damaged status Not for loan Home library Current library Date acquired Total Checkouts Full call number Barcode Date last seen Price effective from Koha item type
    Dewey Decimal Classification     Dodoma Dodoma 10/05/2026   320.01 DUN LIB003734 10/05/2026 10/05/2026 BOOKS

IRDP © 2021 :: Managed by ICT Team